Algebra superior
Đã lưu trong:
| Những tác giả chính: | , |
|---|---|
| Định dạng: | Sách |
| Ngôn ngữ: | Tiếng Tây Ban Nha |
| Được phát hành: |
Cuernavaca, México
McGraw-Hill
2007
|
| Phiên bản: | 3a. ed |
| Những chủ đề: | |
| Truy cập trực tuyến: | Disponible Online |
| Các nhãn: |
Thêm thẻ
Không có thẻ, Là người đầu tiên thẻ bản ghi này!
|
MARC
| LEADER | 00000nam a2200000 a 4500 | ||
|---|---|---|---|
| 001 | UCH4635 | ||
| 003 | CL-VaPUC | ||
| 005 | 20230629120256.0 | ||
| 008 | 090827e20070000MX |||||||||||||||||spa|d | ||
| 999 | |c 335909 |d 335907 | ||
| 020 | |a 9789701062555 | ||
| 040 | |c Pontificia Universidad Católica de Valparaíso | ||
| 082 | 0 | 4 | |a 512.9 SPI 2007 |2 21 |
| 100 | 0 | |a Spiegel, Murray R |e author |9 366 | |
| 245 | 1 | 0 | |a Algebra superior |
| 250 | |a 3a. ed | ||
| 260 | |a Cuernavaca, México |b McGraw-Hill |c 2007 | ||
| 300 | |a 388 páginas | ||
| 583 | |a last modification |c 20090827 00:00:00 |k Rodrigo Vera | ||
| 650 | 0 | |a Álgebra |9 259567 | |
| 700 | 0 | |a Moyer, Robert E |e author |9 540283 | |
| 852 | |a BIBCUR | ||
| 856 | 4 | |u http://bibliografiaobligatoria.pucv.cl.pucv.idm.oclc.org/index.php/bibliotecapucv/catalog/book/8 |y Disponible Online | |
| 942 | |c BK |2 ddc | ||
| 945 | |d 20090827 00:00:00 |a dcastane | ||